MARC

LEADER 00000nam0a2200000 4500
001 671729
005 20240326132511.0
035 |a (RuTPU)RU\TPU\book\134765 
090 |a 671729 
100 |a 20240322d1924 km|y0rusy50 ca 
101 0 |a rus 
102 |a RU 
105 |a a z 001zy 
181 0 |a i   |b  e  
182 0 |a n 
183 0 |a nc  |2 RDAcarrier 
200 1 |a Экспериментальное исследование аэродинамических труб  |f Центральный аэрогидродинамический институт ; К. Баулин 
210 |a Москва  |c [Б. и.]  |d 1924 
215 |a 27 с.  |c ил. 
225 1 |a Труды Центрального аэро-гидродинамического института  |v Вып. 7 (62) 
283 |a volume 
606 |a Аэродинамические установки  |2 stltpush  |3 (RuTPU)RU\TPU\subj\29887  |9 53119 
610 1 |a аэродинамические трубы 
610 1 |a исследования 
610 1 |a диффузоры 
610 1 |a испытания 
610 1 |a вертиляторы 
610 1 |a мощность 
610 1 |a скорость 
610 1 |a колебания потока 
610 1 |a сечение 
675 |a 533.6.07  |v 3 
700 |a Баулин  |b К. 
712 0 2 |a Центральный аэрогидродинамический институт (ЦАГИ)  |c (Москва)  |3 (RuTPU)RU\TPU\col\4446 
801 1 |a RU  |b 63413507  |c 20240322  |g PSBO 
801 2 |a RU  |b 63413507  |c 20240322  |g PSBO 
942 |c CR